| 000 | 02008nam a2200385 i 4500 | ||
|---|---|---|---|
| 001 | ebr10767167 | ||
| 003 | CaPaEBR | ||
| 006 | m o d | ||
| 007 | cr cn||||||||| | ||
| 008 | 130506t20132013dcua ob 101 0 eng|d | ||
| 020 | _z9781614992639 (print : softcover) | ||
| 020 | _a9781614992646 (e-book) | ||
| 040 |
_aCaPaEBR _beng _erda _epn _cCaPaEBR |
||
| 035 | _a(OCoLC)861536707 | ||
| 050 | 1 | 4 |
_aT58.62 _b.I58 2013eb |
| 245 | 0 | 0 |
_aIntelligent decision technologies : _bproceedings of the 5th International Conference on Intelligent Decision Technologies (KES-IDT 2013) / _cedited by Rui Neves-Silva [and four others]. |
| 264 | 1 |
_aWashington, DC : _bIOS Press, _c[2013] |
|
| 264 | 4 | _c�2013 | |
| 300 |
_a1 online resource (460 pages) : _billustrations. |
||
| 336 |
_atext _2rdacontent |
||
| 337 |
_acomputer _2rdamedia |
||
| 338 |
_aonline resource _2rdacarrier |
||
| 490 | 1 |
_aFrontiers in artificial intelligence and applications, _x0922-6389 ; _vvolume 255 |
|
| 504 | _aIncludes bibliographical references and indexes. | ||
| 588 | _aDescription based on print version record. | ||
| 590 | _aElectronic reproduction. Palo Alto, Calif. : ebrary, 2013. Available via World Wide Web. Access may be limited to ebrary affiliated libraries. | ||
| 650 | 0 |
_aDecision making _xData processing _vCongresses. |
|
| 650 | 0 |
_aArtificial intelligence _vCongresses. |
|
| 655 | 0 | _aElectronic books. | |
| 700 | 1 | _aNeves-Silva, Rui. | |
| 776 | 0 | 8 |
_iPrint version: _tIntelligent decision technologies : proceedings of the 5th International Conference on Intelligent Decision Technologies (KES-IDT 2013). _dWashington, DC : IOS Press, [2013] _hxiv, 444 pages _kFrontiers in artificial intelligence and applications ; volume 255 _x0922-6389 ; _z9781614992639 _w(DLC)17726504 |
| 797 | 2 | _aebrary. | |
| 830 | 0 |
_aFrontiers in artificial intelligence and applications ; _vv. 255. |
|
| 856 | 4 | 0 |
_uhttp://site.ebrary.com/lib/rucke/Doc?id=10767167 _zAn electronic book accessible through the World Wide Web; click to view |
| 999 |
_c125471 _d125471 |
||